| 000 | 00728nam a2200205 a 4500 | ||
|---|---|---|---|
| 005 | 20240614063704.0 | ||
| 008 | 991125s1963 ea 000 0 eng u | ||
| 035 | _aUPN01000025428 | ||
| 049 | _aCG | ||
| 050 | 4 |
_aPE1119 C8.3 _bR6.3 |
|
| 100 | 1 | _aRobinson, Helen M. | |
| 245 | 1 | 0 |
_aFun wherever we are / _cHelen M. Robinson, Marion Monroe, A. Sterl Artley ; linguistic advison, W. Cabell Greet ; il. Jack Withe. |
| 260 |
_aGlenview [E.U.A.] : _bScott Foresman, _c1963. |
||
| 300 |
_a79 p. : _bil. col. |
||
| 440 | 0 |
_aCurriculum foundation series. _pThe new cathedral basic readers |
|
| 650 | 4 |
_aInglés _xEstudio y enseñanza _918 |
|
| 700 | 1 |
_aMonroe, Marion, _ecoaut. |
|
| 700 | 1 |
_aArtley, A. Sterl, _ecoaut. |
|
| 905 | _aLibro | ||
| 999 |
_c25428 _d25428 |
||